000 01402nam0a2200385 4500
001 RU\NLR\ONL2\5833
005 20260204000000.0
035 _a(NLR Aleph) 009653431
090 _a9580019
_c9580019
100 _a20060914d1940 u y0rusy50 ca
101 0 _atun
_arus
102 _aRU
105 _aa |||||||||
135 _acrcn 024anaba
200 1 _aАвгарат бикит бидэвэр
_fВ. С. Свердлов
210 _aЛ.
_cУчпедгиз
_d1940
215 _a62 с.
_cил.
_d22
300 _aТекст парал. эвенк., рус.
325 _aКопия доступна в Электрон. б-ке РНБ
541 1 _aЗа здоровую жизнь
_zrus
606 0 _aГигиена
_91075230
_3RU\NLR\auth\66100778
686 1 _aР120
700 1 _aСвердлов
_bВ. С.
_gВладимир Семенович
_4070
801 0 _aRU
_bNLR
_c20060914
_gPSBO
852 _aNLR
_bОНЛ
_jЭвенк./3-10
856 0 _uhttps://vivaldi.nlr.ru/bx700004855/view
856 1 _uhttps://vivaldi.nlr.ru/bx700004855/cover
856 2 _uhttps://vivaldi.nlr.ru/bx700004855/text
942 _cBOOK
980 _aNB
980 _aONL_RF
981 2 3 _a(23) Национальные литературы
_b(23) Книги на национальных языках